|
|
|
|
| LEADER |
01815nam a2200421Ia 4500 |
| 001 |
EBC459546 |
| 003 |
MiAaPQ |
| 005 |
20200520144314.0 |
| 006 |
m o d | |
| 007 |
cr cn||||||||| |
| 008 |
071123s2008 dcuab sb i100 0 eng d |
| 020 |
|
|
|z 0821371274
|
| 020 |
|
|
|z 9780821371275
|
| 035 |
|
|
|a (MiAaPQ)EBC459546
|
| 035 |
|
|
|a (Au-PeEL)EBL459546
|
| 035 |
|
|
|a (CaPaEBR)ebr10252479
|
| 035 |
|
|
|a (CaONFJC)MIL178737
|
| 035 |
|
|
|a (OCoLC)567979881
|
| 040 |
|
|
|a MiAaPQ
|c MiAaPQ
|d MiAaPQ
|
| 050 |
|
4 |
|a HD1415
|b .B47 2008
|
| 111 |
2 |
|
|a Berlin Workshop
|n (10th :
|d 2008)
|
| 245 |
1 |
0 |
|a Agriculture and development
|h [electronic resource] /
|c edited by Gudrun Kochendorfer-Lucius and Boris Pleskovic.
|
| 260 |
|
|
|a Washington, D.C. :
|b World Bank ;
|a [Bonn] :
|b InWent,
|c c2008.
|
| 300 |
|
|
|a vii, 233 p. :
|b ill., map.
|
| 490 |
1 |
|
|a Berlin Workshop series ;
|v 2008
|
| 500 |
|
|
|a "The Berlin Workshop Series 2008 presents a selection of papers from meetings held on September 4-6, 2006, at the ninth annual Berlin Workshop, jointly organized by InWent-Capacity Building International, Germany, and the World Bank"--P. 1.
|
| 504 |
|
|
|a Includes bibliographical references.
|
| 533 |
|
|
|a Electronic reproduction. Ann Arbor, MI : ProQuest, 2015. Available via World Wide Web. Access may be limited to ProQuest affiliated libraries.
|
| 650 |
|
0 |
|a Agriculture
|x Economic aspects
|v Congresses.
|
| 650 |
|
0 |
|a Population
|v Congresses.
|
| 655 |
|
4 |
|a Electronic books.
|
| 700 |
1 |
|
|a Kochendorfer-Lucius, Gudrun.
|
| 700 |
1 |
|
|a Pleskovic, Boris.
|
| 710 |
2 |
|
|a Internationale Weiterbildung und Entwicklung gGmbh.
|
| 710 |
2 |
|
|a World Bank.
|
| 710 |
2 |
|
|a ProQuest (Firm)
|
| 830 |
|
0 |
|a Berlin Workshop series ;
|v 2008.
|
| 856 |
4 |
0 |
|u https://ebookcentral.proquest.com/lib/matrademy/detail.action?docID=459546
|z Click to View
|